000 01029nam a2200205 a 4500
001 57864
005 20180714054232.0
008 140415s1990 mx 000 0 spa d
020 _a9681633350
041 _aspa
082 _a302
_bBRE
245 0 3 _aLA HISTORIA, ALBUR DEL HOMBRE
250 _a1a ed.
260 _aMEXICO :
_bFONDO DE CULTURA ECONOMICA,
_c1990
300 _a303
490 _aSECCION DE OBRAS DE FILOSOFIA
520 _aLA CONOCIMIENTO DEL HOMBRE PLANETA DISTINTOS RETIS Y LIMITACIONES A LAS DIVERSAS DISCIPLINAS QUE INTENTAN ABORADAR, CIRCUNSCRIBIENDO AL COMPLEJO DE EDIPO, A LAS LIMITACIONES CULTURALES O A LAS DECISIONES DE REYES, PRINCIPES O ESTADISTAS LAS POSIBILIDADES DEL HOMO SAPIENS. SIN EMBARGO , EL AUTOR DE ESTE ESTUDIO PROPONE LA POSIBILIDAD DE QUE DICHOS ESTRECHOS LIMITES SE ENSANCHEN, COBREPONIENDO LOS DISTINTOS SABERES A UN INTERES FUNDAMENTAL, EL DE RESPONDER A LAS PREGUNTAS BASICAS: ¿PORQU
700 1 _aFALERO, BEATRIZ
_etr.
740 _aHISTORY-THE HUMAN GAMBLE
999 _c57864
_d57864